[Event "Junior Online 4NCL Division 5"]
[Site "online"]
[Date "2021.02.04"]
[Round "2.174"]
[White "Ali, Zayne"]
[Black "Kantaria, Shivam"]
[Result "0-1"]
[WhiteElo "800"]
[BlackElo "1000"]
[PlyCount "60"]
[EventDate "2021.02.04"]
[WhiteTeam "Wimbledon Juniors B"]
[BlackTeam "Edgware Gambits Forks"]

1. e4 e5 2. Nh3 Bc5 3. Be2 Nf6 4. O-O Nxe4 5. d3 Nf6 6. a3 Bd6 7. Ng5 e4 8. h4
exd3 9. Bxd3 Qe7 10. b4 Qe5 11. g3 Qxa1 12. Nd2 Ng4 13. Re1+ Kf8 14. Qxg4 Be7
15. Nb3 Qf6 16. f4 Nc6 17. Bb2 d5 18. Bxf6 Bxg4 19. Bxe7+ Nxe7 20. Nxh7+ Rxh7
21. Bxh7 Nc6 22. Nc5 Rd8 23. Nxb7 Rb8 24. b5 Nd4 25. Nc5 Nf3+ 26. Kf2 Nxe1 27.
Kxe1 Rxb5 28. f5 Rxc5 29. h5 Rxc2 30. Kf1 d4 0-1

[Event "Junior Online 4NCL Division 5"]
[Site "online"]
[Date "2021.02.04"]
[Round "2.175"]
[White "Ali, Rayyan"]
[Black "Shah, Rohan"]
[Result "0-1"]
[WhiteElo "1000"]
[BlackElo "1437"]
[PlyCount "72"]
[EventDate "2021.02.04"]
[WhiteTeam "Wimbledon Juniors B"]
[BlackTeam "Edgware Gambits Forks"]

1. e4 e5 2. Nf3 Nf6 3. Nxe5 Nc6 4. Nf3 Nxe4 5. Nc3 Nxc3 6. bxc3 Bc5 7. d4 Bd6
8. Bc4 O-O 9. Qd3 Re8+ 10. Be3 Bf4 11. Ng5 Bxg5 12. Qf5 Qe7 13. O-O d5 14. Qxd5
Be6 15. Bxg5 Bxd5 16. Bxe7 Bxc4 17. Rfe1 Nxe7 18. h3 h6 19. a3 Rad8 20. Re3 Nf5
21. Rf3 Nh4 22. Rg3 Rd7 23. Rd1 Rde7 24. Rd2 Re1+ 25. Kh2 Bd5 26. f3 Nxf3+ 27.
gxf3 Bxf3 28. Rxf3 a5 29. Kg2 R8e6 30. Kf2 Rh1 31. Kg2 Ra1 32. Rdf2 Rg6+ 33.
Kh2 f6 34. h4 Rgg1 35. c4 Rh1+ 36. Kg2 Rag1# 0-1

[Event "Junior Online 4NCL Division 5"]
[Site "online"]
[Date "2021.02.04"]
[Round "2.176"]
[White "Kantaria, Siya"]
[Black "Tan, Adam"]
[Result "1-0"]
[WhiteElo "1150"]
[BlackElo "925"]
[PlyCount "39"]
[EventDate "2021.02.04"]
[WhiteTeam "Edgware Gambits Forks"]
[BlackTeam "Wimbledon Juniors B"]

1. e4 e5 2. Nf3 Nc6 3. Bc4 Nh6 4. d4 Bb4+ 5. c3 Bd6 6. d5 Ng8 7. dxc6 dxc6 8.
Ng5 Nf6 9. Nxf7 O-O 10. Nxd8+ Rf7 11. Nxf7 Bg4 12. Nxd6+ Kf8 13. f3 Bh5 14.
Nxb7 Nxe4 15. O-O g5 16. g4 Bg6 17. fxe4+ Bf7 18. Qf3 Kg7 19. Qxf7+ Kh6 20.
Qf6# 1-0

[Event "Junior Online 4NCL Division 5"]
[Site "online"]
[Date "2021.02.04"]
[Round "2.177"]
[White "Tinworth, Frederick"]
[Black "Wilkinson, James"]
[Result "0-1"]
[WhiteElo "925"]
[BlackElo "1100"]
[PlyCount "74"]
[EventDate "2021.02.04"]
[WhiteTeam "Wimbledon Juniors B"]
[BlackTeam "Edgware Gambits Forks"]

1. Nf3 d5 2. d3 Nf6 3. e4 dxe4 4. dxe4 Qxd1+ 5. Kxd1 Nxe4 6. Bd3 Nxf2+ 7. Ke1
Nxh1 8. Kf1 e6 9. Bb5+ c6 10. Bc4 Bc5 11. Bf4 Na6 12. a3 O-O 13. b4 Be7 14. b5
Nc5 15. bxc6 bxc6 16. Kg1 Rd8 17. h3 Rd1+ 18. Bf1 Ne4 19. Ne5 c5 20. Nc6 Bf6
21. c4 Bxa1 22. Ne7+ Kh8 23. g4 Rxb1 24. a4 g5 25. Be5+ Bxe5 26. Nc6 Bg3 27.
Kg2 Bb7 28. Bd3 Rb2+ 29. Kxh1 Nf2+ 30. Kg2 Bxc6+ 31. Be4 Nxe4+ 32. Kf3 Rf2+ 33.
Ke3 Nd6 34. a5 Nxc4+ 35. Kd3 Nxa5 36. h4 Rd8+ 37. Ke3 Nc4# 0-1

[Event "Junior Online 4NCL Division 5"]
[Site "online"]
[Date "2021.02.04"]
[Round "2.178"]
[White "Kantaria, Shivam"]
[Black "Ali, Zayne"]
[Result "1-0"]
[WhiteElo "1000"]
[BlackElo "800"]
[PlyCount "23"]
[EventDate "2021.02.04"]
[WhiteTeam "Edgware Gambits Forks"]
[BlackTeam "Wimbledon Juniors B"]

1. e4 e6 2. Nf3 Be7 3. Nc3 Nf6 4. Ng5 O-O 5. e5 Nh5 6. d4 h6 7. Qxh5 hxg5 8.
Ne4 g6 9. Qh6 f5 10. Nxg5 Bb4+ 11. c3 Nc6 12. Qh7# 1-0

[Event "Junior Online 4NCL Division 5"]
[Site "online"]
[Date "2021.02.04"]
[Round "2.181"]
[White "Meredith, Daniel"]
[Black "Wilkinson, Bernard"]
[Result "1-0"]
[WhiteElo "1278"]
[BlackElo "1105"]
[PlyCount "65"]
[EventDate "2021.02.04"]
[WhiteTeam "Hull & York Knights"]
[BlackTeam "Cambridge Chess & Go C"]

1. d4 d5 2. c4 Bf5 3. Nc3 Nf6 4. Qb3 b6 5. Nxd5 Nxd5 6. cxd5 Be4 7. f3 Bxd5 8.
Qc3 e6 9. e4 Na6 10. Bxa6 c5 11. exd5 Qxd5 12. Be3 Bd6 13. Bd3 O-O 14. Be4 cxd4
15. Bxd4 Qg5 16. Bxa8 Qxg2 17. f4 Bxf4 18. Bxg2 f6 19. Nf3 Rd8 20. O-O h6 21.
Qc4 Kf7 22. Bxb6 axb6 23. Qxf4 Rd3 24. Qc7+ Kg6 25. Qxb6 Kf7 26. Qb7+ Kg6 27.
Qe4+ f5 28. Qxd3 e5 29. Nxe5+ Kf6 30. Qd6+ Kg5 31. Nf7+ Kh5 32. Rxf5+ Kg4 33.
Qf4# 1-0

[Event "Junior Online 4NCL Division 5"]
[Site "online"]
[Date "2021.02.04"]
[Round "2.182"]
[White "Syposz, Iza"]
[Black "Taylor, Kai"]
[Result "0-1"]
[WhiteElo "1007"]
[BlackElo "1300"]
[PlyCount "56"]
[EventDate "2021.02.04"]
[WhiteTeam "Cambridge Chess & Go C"]
[BlackTeam "Hull & York Knights"]

1. e4 e5 2. Nf3 Nc6 3. Bc4 h6 4. O-O Bc5 5. d3 Nf6 6. Nc3 d6 7. Bd2 Be6 8. Bxe6
fxe6 9. Nb5 a6 10. Nxc7+ Qxc7 11. b3 O-O 12. Nh4 d5 13. Ng6 Rfe8 14. Bg5 hxg5
15. Nh4 gxh4 16. exd5 exd5 17. c4 d4 18. Re1 Rad8 19. Qf3 b5 20. cxb5 axb5 21.
a4 Bb4 22. Rf1 Rf8 23. Rac1 Nd5 24. axb5 Rxf3 25. gxf3 Nf6 26. bxc6 e4 27. fxe4
Ng4 28. f3 Qxh2# 0-1

[Event "Junior Online 4NCL Division 5"]
[Site "online"]
[Date "2021.02.04"]
[Round "2.183"]
[White "Cashdan, Japhet"]
[Black "Mole, Tommy"]
[Result "1-0"]
[WhiteElo "1062"]
[BlackElo "1000"]
[PlyCount "35"]
[EventDate "2021.02.04"]
[WhiteTeam "Hull & York Knights"]
[BlackTeam "Cambridge Chess & Go C"]

1. e4 e5 2. Nf3 Nc6 3. Bc4 Nf6 4. Ng5 Qe7 5. Nxf7 Rg8 6. O-O Qc5 7. d3 Ng4 8.
Qxg4 d6 9. Qg5 Nb4 10. Na3 Be7 11. Qh5 g6 12. Qxh7 Rf8 13. Bh6 Rxf7 14. Qxf7+
Kd7 15. c3 Nc6 16. Be6+ Kd8 17. Qg8+ Bf8 18. Qxf8# 1-0

[Event "Junior Online 4NCL Division 5"]
[Site "online"]
[Date "2021.02.04"]
[Round "2.184"]
[White "Vysohlid, Peter"]
[Black "Luckhurst, Isaac"]
[Result "1-0"]
[WhiteElo "886"]
[BlackElo "1005"]
[PlyCount "89"]
[EventDate "2021.02.04"]
[WhiteTeam "Cambridge Chess & Go C"]
[BlackTeam "Hull & York Knights"]

1. e4 e5 2. Nf3 Nf6 3. Bc4 b5 4. Bxb5 c6 5. Bc4 d5 6. exd5 cxd5 7. Bxd5 Nxd5 8.
Nxe5 Bd6 9. Nf3 O-O 10. O-O Ba6 11. d3 Nc6 12. c4 Nf4 13. Nc3 Qf6 14. Bxf4 Bxf4
15. g3 Bd6 16. Nd5 Qh6 17. Qe1 Rae8 18. Qd1 Qh5 19. Re1 Rd8 20. b4 g5 21. Nxg5
Bc7 22. b5 Qh6 23. bxc6 Ba5 24. Ne7+ Kg7 25. Nf5+ Kg8 26. Nxh6+ Kg7 27. Nhxf7
Bxe1 28. Nxd8 Rxd8 29. Ne6+ Kf6 30. Nxd8 Bc3 31. Rb1 Bc8 32. c7 h5 33. Qf3+ Kg5
34. Rb8 Bg4 35. Qxg4+ Kxg4 36. c8=Q+ Kg5 37. Rb5+ Be5 38. Ne6+ Kf6 39. Qa6 h4
40. Nd8+ Kf5 41. gxh4 Kg4 42. Qg6+ Kxh4 43. Rxe5 Kh3 44. Rg5 Kh4 45. Qh5# 1-0

[Event "Junior Online 4NCL Division 5"]
[Site "online"]
[Date "2021.02.04"]
[Round "2.185"]
[White "Wilkinson, Bernard"]
[Black "Meredith, Daniel"]
[Result "1-0"]
[WhiteElo "1105"]
[BlackElo "1278"]
[PlyCount "31"]
[EventDate "2021.02.04"]
[WhiteTeam "Cambridge Chess & Go C"]
[BlackTeam "Hull & York Knights"]

1. e4 c5 2. Nf3 d6 3. Bc4 Nc6 4. O-O g6 5. Ng5 Ne5 6. Bb5+ Bd7 7. d4 Bxb5 8.
dxe5 Bxf1 9. Kxf1 dxe5 10. Qxd8+ Rxd8 11. Nc3 h6 12. Nf3 Nf6 13. Be3 b6 14.
Nxe5 Rd6 15. Nb5 Rd8 16. Nc7# 1-0

[Event "Junior Online 4NCL Division 5"]
[Site "online"]
[Date "2021.02.04"]
[Round "2.186"]
[White "Taylor, Kai"]
[Black "Syposz, Iza"]
[Result "1-0"]
[WhiteElo "1300"]
[BlackElo "1007"]
[PlyCount "83"]
[EventDate "2021.02.04"]
[WhiteTeam "Hull & York Knights"]
[BlackTeam "Cambridge Chess & Go C"]

1. e4 e5 2. Nf3 f6 3. Nc3 Ne7 4. Bb5 a6 5. Bc4 c6 6. d3 Ng6 7. d4 Bb4 8. d5
cxd5 9. exd5 Bxc3+ 10. bxc3 O-O 11. d6+ Rf7 12. Bxf7+ Kf8 13. Bb3 Nf4 14. Bxf4
exf4 15. O-O Nc6 16. Re1 Na5 17. Bd5 Qb6 18. c4 Qxd6 19. g3 Rb8 20. Rb1 b5 21.
cxb5 axb5 22. a4 bxa4 23. Rxb8 Qxb8 24. Be4 Ba6 25. Qxd7 g6 26. Qxa4 Qd8 27.
Qa3+ Ke8 28. Bb7+ Kf7 29. Bxa6 fxg3 30. fxg3 Qb6+ 31. Kg2 Qxa6 32. Qa2+ Kf8 33.
Qa3+ Kf7 34. Re7+ Kg8 35. Qa2+ Kf8 36. Qa3 Qb6 37. Rb7+ Ke8 38. Rxb6 Nc4 39.
Qa4+ Ke7 40. Qxc4 f5 41. Qc7+ Kf8 42. Rb8# 1-0

[Event "Junior Online 4NCL Division 5"]
[Site "online"]
[Date "2021.02.04"]
[Round "2.187"]
[White "Mole, Tommy"]
[Black "Cashdan, Japhet"]
[Result "0-1"]
[WhiteElo "1000"]
[BlackElo "1062"]
[PlyCount "128"]
[EventDate "2021.02.04"]
[WhiteTeam "Cambridge Chess & Go C"]
[BlackTeam "Hull & York Knights"]

1. e4 e5 2. Bc4 Nf6 3. Nf3 Bc5 4. Nxe5 O-O 5. Nc3 d6 6. Nf3 Ng4 7. O-O Bxf2+ 8.
Rxf2 Nxf2 9. Kxf2 Nc6 10. Ng5 Qxg5 11. d3 Qc5+ 12. Be3 Qa5 13. Nd5 Be6 14. Qf3
Rad8 15. c3 Rfe8 16. Bd4 Nxd4 17. cxd4 Qd2+ 18. Kf1 Qxb2 19. Nf4 Bxc4 20. Rd1
Bxa2 21. Qh5 g6 22. Qa5 a6 23. Qxc7 Qxd4 24. Qxb7 Qf6 25. g3 d5 26. exd5 Bxd5
27. Qb4 Re3 28. h4 Rxg3 29. Kf2 Rf3+ 30. Ke2 Qxh4 31. Qe1 Qxe1+ 32. Rxe1 Re8+
33. Kd2 Rxe1 34. Kxe1 g5 35. Nxd5 Rxd3 36. Nb4 Rb3 37. Nxa6 g4 38. Nc5 Rf3 39.
Ne4 g3 40. Ng5 Ra3 41. Nh3 g2 42. Kf2 Rxh3 43. Kxg2 Re3 44. Kf2 Ra3 45. Kg2 Kg7
46. Kf2 Kg6 47. Kg2 Kf5 48. Kf2 Ke4 49. Ke2 h5 50. Kd2 h4 51. Ke2 h3 52. Kf2
Rf3+ 53. Kg1 Ke3 54. Kh2 Ke2 55. Kg1 Rg3+ 56. Kh2 Rg2+ 57. Kxh3 Kf3 58. Kh4 Kf4
59. Kh3 Rg6 60. Kh2 Kf3 61. Kh1 f6 62. Kh2 f5 63. Kh1 Kf2 64. Kh2 Rh6# 0-1

[Event "Junior Online 4NCL Division 5"]
[Site "online"]
[Date "2021.02.04"]
[Round "2.188"]
[White "Luckhurst, Isaac"]
[Black "Vysohlid, Peter"]
[Result "1-0"]
[WhiteElo "1005"]
[BlackElo "886"]
[PlyCount "65"]
[EventDate "2021.02.04"]
[WhiteTeam "Hull & York Knights"]
[BlackTeam "Cambridge Chess & Go C"]

1. e3 c5 2. Nf3 d6 3. Bb5+ Bd7 4. Bc4 Nf6 5. c3 a6 6. O-O g6 7. Ng5 Bg7 8. Nxf7
Bg4 9. f3 Kd7 10. Nxd8 Rxd8 11. Qa4+ b5 12. Qc2 bxc4 13. fxg4 Nxg4 14. h3 Ne5
15. d4 cxd4 16. exd4 Nd3 17. Bg5 e5 18. dxe5 Rf8 19. Rd1 Bxe5 20. Qa4+ Nc6 21.
Nd2 Nxb2 22. Qc2 Nxd1 23. Rxd1 Bf4 24. Nxc4 Bxg5 25. Nxd6 Be3+ 26. Kh2 Bf4+ 27.
Kh1 Bxd6 28. Qd2 Kc7 29. Qxd6+ Kb6 30. c4 Rad8 31. Rb1+ Ka7 32. Qc7+ Ka8 33.
Qb7# 1-0

[Event "Junior Online 4NCL Division 5"]
[Site "online"]
[Date "2021.02.04"]
[Round "2.192"]
[White "Papneja, Vedant"]
[Black "Fairrie, Ralph"]
[Result "1-0"]
[WhiteElo "1410"]
[BlackElo "916"]
[PlyCount "43"]
[EventDate "2021.02.04"]
[WhiteTeam "Chess Challengers D"]
[BlackTeam "Surrey Kings 3"]

1. d4 d5 2. Bf4 Nc6 3. e3 Bf5 4. c3 Nf6 5. Bd3 Bg4 6. Qc2 e6 7. h3 Bf5 8. Bxf5
exf5 9. Qxf5 g6 10. Qc2 Qe7 11. Nf3 Ne4 12. Nbd2 Nxd2 13. Qxd2 Na5 14. O-O Nc4
15. Qc2 Qe4 16. Qb3 g5 17. Bxg5 Rg8 18. Qb5+ c6 19. Qxb7 Rd8 20. Qxc6+ Rd7 21.
Qc8+ Rd8 22. Qxd8# 1-0

[Event "Junior Online 4NCL Division 5"]
[Site "online"]
[Date "2021.02.04"]
[Round "2.193"]
[White "Peverett, Kian"]
[Black "Patel, Aashna"]
[Result "1-0"]
[WhiteElo "925"]
[BlackElo "1460"]
[PlyCount "121"]
[EventDate "2021.02.04"]
[WhiteTeam "Surrey Kings 3"]
[BlackTeam "Chess Challengers D"]

1. e4 e5 2. Nf3 Nf6 3. Nc3 Nc6 4. d4 exd4 5. Nxd4 Nxd4 6. Qxd4 b6 7. Bg5 Be7 8.
Bc4 Bb7 9. e5 h6 10. exf6 Bxf6 11. Bxf6 Qxf6 12. Qxf6 gxf6 13. O-O Rg8 14. f3
O-O-O 15. Bxf7 Rg7 16. Bd5 Bxd5 17. Nxd5 Rdg8 18. g4 h5 19. h3 f5 20. Ne3 f4
21. Nf5 Rg6 22. Ne7+ Kd8 23. Nxg8 Rxg8 24. Kh1 hxg4 25. fxg4 Rf8 26. h4 f3 27.
Rad1 Rf4 28. Rd3 Rxg4 29. Rdxf3 Rxh4+ 30. Kg1 Rg4+ 31. Kh2 Rg8 32. Rf8+ Rxf8
33. Rxf8+ Ke7 34. Rh8 Kd6 35. Ra8 a5 36. Kg3 c5 37. Kf3 Kc6 38. Ke3 d5 39. Kd3
Kb5 40. Rd8 c4+ 41. Kc3 Kc5 42. a3 b5 43. b4+ axb4+ 44. axb4+ Kb6 45. Rxd5 Kc6
46. Kd4 Kb6 47. c3 Kc6 48. Rh5 Kd6 49. Rxb5 Kc6 50. Kxc4 Kd6 51. Rc5 Kd7 52. b5
Kd8 53. b6 Kd7 54. b7 Ke6 55. b8=Q Kf6 56. Qf4+ Ke6 57. Qd4 Ke7 58. Re5+ Kf6
59. Qf4+ Kg6 60. Rg5+ Kh6 61. Qh4# 1-0

[Event "Junior Online 4NCL Division 5"]
[Site "online"]
[Date "2021.02.04"]
[Round "2.194"]
[White "Pyla, Akhil"]
[Black "Ambrose, Ferran"]
[Result "1-0"]
[WhiteElo "1426"]
[BlackElo "925"]
[PlyCount "53"]
[EventDate "2021.02.04"]
[WhiteTeam "Chess Challengers D"]
[BlackTeam "Surrey Kings 3"]

1. e4 e6 2. Nf3 Qf6 3. d3 Bc5 4. Bg5 Qxb2 5. Nbd2 f6 6. Be3 Bb4 7. Rb1 Qa3 8.
Ra1 Bc3 9. Qc1 Qa5 10. Bd4 Bxd2+ 11. Nxd2 e5 12. Bb2 Nh6 13. Be2 Kd8 14. O-O
Re8 15. Nc4 Qa6 16. Bh5 g6 17. Qxh6 gxh5 18. Qxh5 Qb5 19. Rab1 Rh8 20. Bc3 Qa6
21. Qh4 Rf8 22. Bxe5 Qxa2 23. Bxf6+ Ke8 24. Qh5+ Rf7 25. Ne5 d6 26. Rb2 Qxb2
27. Qxf7# 1-0

[Event "Junior Online 4NCL Division 5"]
[Site "online"]
[Date "2021.02.04"]
[Round "2.195"]
[White "Sethi, Siddharth"]
[Black "Carter, Olvier"]
[Result "1-0"]
[WhiteElo "1416"]
[BlackElo "935"]
[PlyCount "89"]
[EventDate "2021.02.04"]
[WhiteTeam "Chess Challengers D"]
[BlackTeam "Surrey Kings 3"]

1. c4 e5 2. f4 e4 3. Nc3 Nf6 4. d3 exd3 5. exd3 Qe7+ 6. Be2 d6 7. h3 Nc6 8. Nd5
Nxd5 9. cxd5 Nb4 10. Qa4+ Bd7 11. Qxb4 Qf6 12. Qxb7 Qh4+ 13. Kd1 Rc8 14. Nf3
Qf2 15. Rh2 Be7 16. g4 Qg3 17. Be3 Bh4 18. Kc2 O-O 19. Rg1 Rb8 20. Qxc7 Rfc8
21. Qxc8+ Rxc8+ 22. Kb1 Qxg1+ 23. Nxg1 Ba4 24. Bxa7 Rc2 25. Bf2 Rd2 26. Bxh4
Bc2+ 27. Kc1 Rd1+ 28. Bxd1 Bxd1 29. Kxd1 h6 30. g5 hxg5 31. Bxg5 f6 32. Bh4 Kf7
33. a4 Ke7 34. a5 Kf8 35. a6 Ke8 36. a7 Kf7 37. a8=Q Kg6 38. Qe8+ Kh6 39. Rg2
Kh7 40. Qh5+ Kg8 41. Bxf6 Kf8 42. Bxg7+ Ke7 43. Re2+ Kd7 44. Qf7+ Kc8 45. Re8#
1-0

[Event "Junior Online 4NCL Division 5"]
[Site "online"]
[Date "2021.02.04"]
[Round "2.196"]
[White "Fairrie, Ralph"]
[Black "Papneja, Vedant"]
[Result "0-1"]
[WhiteElo "916"]
[BlackElo "1410"]
[PlyCount "120"]
[EventDate "2021.02.04"]
[WhiteTeam "Surrey Kings 3"]
[BlackTeam "Chess Challengers D"]

1. e4 d5 2. exd5 Qxd5 3. Nc3 Qa5 4. Bc4 Nf6 5. a3 c6 6. b4 Qc7 7. Qe2 Bf5 8. b5
e6 9. bxc6 Nxc6 10. Bb5 Bxc2 11. Ra2 Bg6 12. Bxc6+ Qxc6 13. Nf3 Bd6 14. Nd4 Qc7
15. Ncb5 Qxc1+ 16. Qd1 Qxd1+ 17. Kxd1 Bb8 18. Rc2 Bxc2+ 19. Kxc2 O-O 20. Nf3 a6
21. Nbd4 Rc8+ 22. Kd3 Ba7 23. g4 Bxd4 24. Kxd4 Nxg4 25. Rg1 Nxf2 26. Ne5 Nh3
27. Rf1 f6 28. Nd7 Rd8 29. Kc4 Rxd7 30. Rf3 Rc8+ 31. Kb3 Ng5 32. Rc3 Rxc3+ 33.
Kxc3 Rc7+ 34. Kb3 Ne4 35. d3 Nd2+ 36. Ka4 b5+ 37. Ka5 Nb3+ 38. Kb6 Rf7 39. Kxa6
Nc5+ 40. Kxb5 Nxd3 41. Kc4 Ne5+ 42. Kd4 Kf8 43. Kc5 Rd7 44. Kb6 Rd1 45. Kb5 Rc1
46. Kb4 Ke7 47. Kb3 Kd6 48. Ka4 Rb1 49. Ka5 Kc5 50. Ka6 Ra1 51. Kb7 Rxa3 52.
Kc7 Rd3 53. Kb8 Rc3 54. Kc8 Kd6+ 55. Kb8 Kd7 56. Kb7 Rb3+ 57. Ka6 Kc6 58. Ka5
Rb8 59. Ka4 Kc5 60. Ka5 Ra8# 0-1

[Event "Junior Online 4NCL Division 5"]
[Site "online"]
[Date "2021.02.04"]
[Round "2.197"]
[White "Patel, Aashna"]
[Black "Peverett, Kian"]
[Result "1-0"]
[WhiteElo "1460"]
[BlackElo "925"]
[PlyCount "163"]
[EventDate "2021.02.04"]
[WhiteTeam "Chess Challengers D"]
[BlackTeam "Surrey Kings 3"]

1. e4 e5 2. Nf3 Nc6 3. Bc4 Nf6 4. d3 Bc5 5. h3 d6 6. O-O O-O 7. Nc3 Qe8 8. Bg5
Be6 9. Bb3 Bxb3 10. axb3 Nd7 11. Nd2 Nb6 12. Qg4 h6 13. Bxh6 g6 14. Bxf8 Qxf8
15. Nf3 Nd4 16. Nxd4 Bxd4 17. Nb5 Bxb2 18. Nxc7 Rc8 19. Rab1 Bc3 20. Nb5 Ba5
21. Nxa7 Rxc2 22. Ra1 Bc3 23. Rac1 Rxc1 24. Rxc1 Bd4 25. Nb5 Bc5 26. Rd1 Qe8
27. d4 Bb4 28. Nc7 Qc8 29. Qxc8+ Nxc8 30. Nd5 Ba5 31. Rd3 Na7 32. Rg3 Kg7 33.
dxe5 dxe5 34. b4 Bd8 35. Ne3 Nc6 36. b5 Nd4 37. Nf5+ Kf6 38. Nxd4 exd4 39. Rd3
Ke5 40. f3 f5 41. exf5 gxf5 42. Kf2 Bh4+ 43. Ke2 f4 44. Kd2 Kd5 45. Rb3 Kc4 46.
Rb1 b6 47. Rc1+ Kxb5 48. Rb1+ Kc5 49. Kd3 Bg5 50. Rc1+ Kd5 51. Rc4 Bf6 52. Rb4
Kc5 53. Rb1 b5 54. Rd1 b4 55. Rb1 Be5 56. Ke4 Kd6 57. Rxb4 Ke6 58. Rb6+ Bd6 59.
Kxd4 Kd7 60. h4 Kc7 61. Rb1 Kc6 62. Ke4 Kc5 63. h5 Bf8 64. Rb8 Bh6 65. Rh8 Bg7
66. Rg8 Bh6 67. Rc8+ Kd6 68. Ra8 Ke7 69. Ra6 Bg5 70. h6 Kf7 71. h7 Bf6 72.
Rxf6+ Kxf6 73. h8=Q+ Kg5 74. Qe5+ Kh4 75. Qxf4+ Kh5 76. g4+ Kg6 77. Qf5+ Kg7
78. g5 Kg8 79. Qd7 Kh8 80. g6 Kg8 81. Qf7+ Kh8 82. Qh7# 1-0

[Event "Junior Online 4NCL Division 5"]
[Site "online"]
[Date "2021.02.04"]
[Round "2.198"]
[White "Ambrose, Ferran"]
[Black "Pyla, Akhil"]
[Result "0-1"]
[WhiteElo "925"]
[BlackElo "1426"]
[PlyCount "66"]
[EventDate "2021.02.04"]
[WhiteTeam "Surrey Kings 3"]
[BlackTeam "Chess Challengers D"]

1. e3 e5 2. Qf3 Nc6 3. Bc4 Nf6 4. g4 h6 5. h4 Be7 6. g5 hxg5 7. hxg5 Rxh1 8.
gxf6 Rxg1+ 9. Ke2 gxf6 10. Qh3 d6 11. Qh2 Rxc1 12. Qh8+ Kd7 13. Qxd8+ Nxd8 14.
d3 Nc6 15. Bxf7 b6 16. Kd2 Rh1 17. Bd5 f5 18. e4 fxe4 19. dxe4 Bb7 20. c4 Nd4
21. Bxb7 Rb8 22. Ba6 Bg5+ 23. Kc3 c6 24. Nd2 Bxd2+ 25. Kxd2 Rxa1 26. Kd3 Rf8
27. Ke3 Rxa2 28. Bb7 Kc7 29. Bxc6 Kxc6 30. Kd3 Rxf2 31. Ke3 Raxb2 32. Kd3 Rh2
33. Kc3 Rb3# 0-1

[Event "Junior Online 4NCL Division 5"]
[Site "online"]
[Date "2021.02.04"]
[Round "2.201"]
[White "Mallia, Luca"]
[Black "Wong, Joseph"]
[Result "0-1"]
[WhiteElo "922"]
[BlackElo "1299"]
[PlyCount "100"]
[EventDate "2021.02.04"]
[WhiteTeam "Surrey Kings 4"]
[BlackTeam "Wanstead Warriors 3"]

1. e4 d5 2. Nc3 Nf6 3. Bb5+ Bd7 4. Nf3 Bxb5 5. Nxb5 dxe4 6. Nfd4 c6 7. Nc3 Qxd4
8. O-O e6 9. Ne2 Qd6 10. d3 exd3 11. cxd3 Qe5 12. Bd2 Bd6 13. f4 Qc5+ 14. d4
Qd5 15. Rc1 Nbd7 16. Rf3 c5 17. Be3 Ng4 18. h3 Nxe3 19. Rxe3 O-O 20. b4 cxd4
21. Nxd4 Bxf4 22. Qd3 Ne5 23. Qe4 Qxe4 24. Rxe4 Bxc1 25. Rxe5 Rad8 26. Nb3 Bb2
27. Re2 Bd4+ 28. Nxd4 Rxd4 29. Re1 Rxb4 30. a3 Rb3 31. a4 Ra3 32. Re4 a6 33.
Rb4 a5 34. Rxb7 Rxa4 35. Ra7 h6 36. g3 e5 37. g4 e4 38. Kf1 e3 39. h4 Rxg4 40.
Rxa5 Rxh4 41. Kg2 Re4 42. Ra1 e2 43. Re1 Rfe8 44. Kf2 Kh7 45. Rxe2 Rxe2+ 46.
Kf3 g5 47. Kg4 Kg6 48. Kf3 h5 49. Kg3 Kf5 50. Kh3 R8e3# 0-1

[Event "Junior Online 4NCL Division 5"]
[Site "online"]
[Date "2021.02.04"]
[Round "2.202"]
[White "Ali, Zaki"]
[Black "Baker, Luke"]
[Result "1-0"]
[WhiteElo "1189"]
[BlackElo "909"]
[PlyCount "119"]
[EventDate "2021.02.04"]
[WhiteTeam "Wanstead Warriors 3"]
[BlackTeam "Surrey Kings 4"]

1. e4 e5 2. Nf3 Nc6 3. d4 exd4 4. Nxd4 Nxd4 5. Qxd4 c5 6. Qd1 d6 7. Bb5+ Bd7 8.
Bxd7+ Qxd7 9. O-O O-O-O 10. Bf4 Nf6 11. g3 d5 12. exd5 Nxd5 13. Be5 f6 14. c4
Ne7 15. Qxd7+ Rxd7 16. Bf4 Ng6 17. Be3 b6 18. Nc3 Bd6 19. Rad1 Re8 20. Nb5 Be5
21. Rxd7 Kxd7 22. Rd1+ Ke7 23. Re1 Kf8 24. Nxa7 Ra8 25. Nc6 Bxb2 26. Bd2 Rc8
27. Re6 Re8 28. Rd6 Be5 29. Nxe5 Rxe5 30. Rxb6 Re2 31. Rb8+ Kf7 32. Rb7+ Kf8
33. Ba5 h5 34. Rb8+ Kf7 35. Bd8 h4 36. Rb7+ Ke8 37. Bb6 hxg3 38. fxg3 f5 39.
Bxc5 f4 40. Rxg7 Ne5 41. gxf4 Nf3+ 42. Kf1 Re1+ 43. Kf2 Re4 44. Kxf3 Rxc4 45.
Rg5 Rc3+ 46. Kg4 Kf7 47. h4 Rd3 48. h5 Rc3 49. h6 Rxc5 50. Rxc5 Kg8 51. a4 Kh7
52. a5 Kxh6 53. Rb5 Kg6 54. Kf3 Kf6 55. Ke4 Kg6 56. Ke5 Kf7 57. Kd6 Ke8 58. Rb7
Kf8 59. Ke6 Ke8 60. Rb8# 1-0

[Event "Junior Online 4NCL Division 5"]
[Site "online"]
[Date "2021.02.04"]
[Round "2.203"]
[White "Song, Meilin"]
[Black "Ali, Yusuf"]
[Result "0-1"]
[WhiteElo "910"]
[BlackElo "1197"]
[PlyCount "130"]
[EventDate "2021.02.04"]
[WhiteTeam "Surrey Kings 4"]
[BlackTeam "Wanstead Warriors 3"]

1. e4 e6 2. Nf3 d5 3. exd5 exd5 4. Nc3 Be6 5. Bb5+ c6 6. Ba4 b5 7. Bb3 Nd7 8.
O-O Ngf6 9. d4 c5 10. dxc5 Bxc5 11. Nxb5 a6 12. Nc3 O-O 13. Bf4 Bg4 14. h3 Bxf3
15. Qxf3 d4 16. Nd5 Nxd5 17. Qxd5 Nf6 18. Qxd8 Raxd8 19. c3 dxc3 20. bxc3 Ne4
21. Rac1 Rd3 22. Rfe1 Nxc3 23. Re3 Bxe3 24. fxe3 Ne2+ 25. Kf1 Nxc1 26. Bc2 Rd2
27. Be4 Nxa2 28. Ke1 Re8 29. Kxd2 Rxe4 30. Bg5 h6 31. Bf4 g5 32. Bd6 Re6 33.
Bc5 Kg7 34. g4 Kg6 35. Ke2 f5 36. gxf5+ Kxf5 37. Kf2 g4 38. hxg4+ Kxg4 39. Ke2
Nc3+ 40. Kd3 Nd5 41. Kd4 Nf6 42. Bf8 Ng8 43. Kd5 Re8 44. Bd6 Rxe3 45. Kc5 Rb3
46. Kc4 Rb1 47. Kc3 a5 48. Kc2 Rb7 49. Kc3 a4 50. Bb4 Nf6 51. Kc4 h5 52. Ba3 h4
53. Kd4 h3 54. Ke5 h2 55. Kxf6 h1=Q 56. Ke6 Rb3 57. Bd6 Re3+ 58. Kd7 a3 59. Kd8
a2 60. Bc5 Qh7 61. Bd4 Re4 62. Ba1 Ra4 63. Be5 Ra5 64. Bc7 Ra7 65. Kc8 Qxc7#
0-1

[Event "Junior Online 4NCL Division 5"]
[Site "online"]
[Date "2021.02.04"]
[Round "2.204"]
[White "Byczko, Samuel"]
[Black "Goldhawk, Harrison"]
[Result "0-1"]
[WhiteElo "1075"]
[BlackElo "958"]
[PlyCount "30"]
[EventDate "2021.02.04"]
[WhiteTeam "Wanstead Warriors 3"]
[BlackTeam "Surrey Kings 4"]

1. e4 e5 2. Nf3 Nc6 3. Bc4 Nf6 4. Ng5 d5 5. exd5 Nxd5 6. Qf3 Qxg5 7. Bxd5 Bg4
8. Qxf7+ Kd8 9. f3 Bd7 10. h4 Qe7 11. Qh5 Be8 12. Qg4 Bd7 13. Qb4 Qxb4 14. O-O
Bc5+ 15. Kh1 Qxh4# 0-1

[Event "Junior Online 4NCL Division 5"]
[Site "online"]
[Date "2021.02.04"]
[Round "2.205"]
[White "Wong, Joseph"]
[Black "Mallia, Luca"]
[Result "1-0"]
[WhiteElo "1299"]
[BlackElo "922"]
[PlyCount "69"]
[EventDate "2021.02.04"]
[WhiteTeam "Wanstead Warriors 3"]
[BlackTeam "Surrey Kings 4"]

1. e4 e5 2. Nf3 Nc6 3. d4 d6 4. d5 Nb4 5. Bd2 Na6 6. Bxa6 bxa6 7. Nc3 Nf6 8.
Bg5 h6 9. Be3 Be7 10. Qd2 Bb7 11. O-O-O O-O 12. h3 Qd7 13. g4 c6 14. Qd3 cxd5
15. exd5 Nxd5 16. Nxd5 Bxd5 17. Qxd5 Rab8 18. b3 Rb5 19. Qd3 Rfb8 20. g5 hxg5
21. Bxg5 f6 22. Be3 d5 23. Qg6 Bf8 24. Rhg1 d4 25. Bd2 a5 26. h4 Ba3+ 27. Kb1
R8b7 28. h5 Qh3 29. Rh1 Qxf3 30. h6 Kh8 31. Rdg1 Qxf2 32. Bc1 Bxc1 33. hxg7+
Kg8 34. Qh7+ Kf7 35. g8=Q# 1-0